<?xml version="1.0" encoding="UTF-8"?>
<record
    xmlns:xsi="http://www.w3.org/2001/XMLSchema-instance"
    xsi:schemaLocation="http://www.loc.gov/MARC21/slim http://www.loc.gov/standards/marcxml/schema/MARC21slim.xsd"
    xmlns="http://www.loc.gov/MARC21/slim">

  <leader>00673nab a2200205uuc4500</leader>
  <controlfield tag="001">1395421</controlfield>
  <controlfield tag="005">20240202121424.0</controlfield>
  <controlfield tag="008">150114s2013                             </controlfield>
  <datafield tag="035" ind1=" " ind2=" ">
    <subfield code="a">1395421</subfield>
  </datafield>
  <datafield tag="040" ind1=" " ind2=" ">
    <subfield code="c">comduadb</subfield>
  </datafield>
  <datafield tag="100" ind1="1" ind2="0">
    <subfield code="a">Cuneo, Georgina Paula</subfield>
    <subfield code="4">aut</subfield>
    <subfield code="e">aut</subfield>
    <subfield code="9">600846</subfield>
  </datafield>
  <datafield tag="245" ind1="1" ind2="3">
    <subfield code="a">La urgencia : un posible momento inaugural</subfield>
  </datafield>
  <datafield tag="260" ind1=" " ind2=" ">
    <subfield code="c">2013.</subfield>
  </datafield>
  <datafield tag="650" ind1=" " ind2="7">
    <subfield code="a">Salud mental</subfield>
    <subfield code="2">dcs</subfield>
    <subfield code="9">188061</subfield>
  </datafield>
  <datafield tag="650" ind1=" " ind2=" ">
    <subfield code="a">Demanda (Psicoan&#xE1;lisis)</subfield>
    <subfield code="9">13535</subfield>
  </datafield>
  <datafield tag="650" ind1=" " ind2=" ">
    <subfield code="a">Sonambulismo</subfield>
    <subfield code="9">31366</subfield>
  </datafield>
  <datafield tag="700" ind1="1" ind2="0">
    <subfield code="a">Pombo, Alejandra</subfield>
    <subfield code="4">aut</subfield>
    <subfield code="e">aut</subfield>
    <subfield code="9">690898</subfield>
  </datafield>
  <datafield tag="773" ind1="0" ind2=" ">
    <subfield code="t">Psicoan&#xE1;lisis y el Hospital (Buenos Aires)</subfield>
    <subfield code="g">Vol. 22, No. 44, Nov. 2013, 35-38</subfield>
    <subfield code="w">1062738</subfield>
    <subfield code="x">0328-0969</subfield>
    <subfield code="0">451095</subfield>
  </datafield>
  <datafield tag="942" ind1=" " ind2=" ">
    <subfield code="c">ARIMP</subfield>
  </datafield>
  <datafield tag="999" ind1=" " ind2=" ">
    <subfield code="c">710668</subfield>
    <subfield code="d">710668</subfield>
  </datafield>
</record>
